The importance of geographic access for the impact of microfinance /

Hlavní autor: Alimukhamedova, Nargiza, 1981-
Další autoři: Filer, Randall Keith, Hanousek, Jan, 1963-
Jazyk: Angličtina
Vydáno: Prague : CERGE-EI, 2016
Edice: Working paper series (CERGE-EI)
Témata:
Fyzický popis: 21 stran : mapy ; 21 cm
Language note: České a anglické resumé
Knihy
Uloženo v:
LEADER 02050nam a2200541 i 4500
001 nkc20162863369
003 CZ PrNK
005 20170622085142.0
007 ta
008 170515s2016 xr b f 000 0 eng
015 |a cnb002863369 
020 |a 978-80-7343-384-0  |q (Centrum pro ekonomický výzkum a doktorské studium UK ;  |q brožováno) 
020 |a 978-80-7344-400-6  |q (Národohospodářský ústav AV ČR ;  |q brožováno) 
035 |a (OCoLC)989907812 
040 |a ABA001  |b cze  |e rda 
041 0 |a eng  |b cze  |b eng 
043 |a a-uz--- 
072 7 |a 336.7  |x Finance  |2 Konspekt  |9 4 
080 |a 336-022.53  |2 MRF 
080 |a 336.77  |2 MRF 
080 |a (575.1)  |2 MRF 
080 |a (048.8)  |2 MRF 
100 1 |a Alimukhamedova, Nargiza,  |d 1981-  |7 jo2017953203  |4 aut 
245 1 4 |a The importance of geographic access for the impact of microfinance /  |c Nargiza Alimukhamedova, Randall K. Filer, Jan Hanousek 
264 1 |a Prague :  |b CERGE-EI,  |c 2016 
300 |a 21 stran :  |b mapy ;  |c 21 cm 
336 |a text  |b txt  |2 rdacontent 
337 |a bez média  |b n  |2 rdamedia 
338 |a svazek  |b nc  |2 rdacarrier 
490 1 |a Working paper series,  |x 1211-3298 ;  |v 577 
504 |a Obsahuje bibliografii a bibliografické odkazy 
546 |a České a anglické resumé 
650 0 7 |a mikrofinance  |7 ph621615  |z Uzbekistán  |2 czenas 
650 0 7 |a úvěry  |7 ph128363  |z Uzbekistán  |2 czenas 
650 0 9 |a microfinance  |z Uzbekistan  |2 eczenas 
650 0 9 |a credit  |z Uzbekistan  |2 eczenas 
655 7 |a studie  |7 fd133597  |2 czenas 
655 9 |a studies  |2 eczenas 
700 1 |a Filer, Randall Keith  |7 xx0003192  |4 aut 
700 1 |a Hanousek, Jan,  |d 1963-  |7 jo20010087111  |4 aut 
830 0 |a Working paper series (CERGE-EI)  |0 s 
910 2 |a BOA001  |b 2-1390.516 
928 9 |a Národohospodářský ústav AV ČR 
928 9 |a Univerzita Karlova, Centrum pro ekonomický výzkum a doktorské studium 
990 |a BK 
995 |a 01 
991 |b 201706  |c NOV 
996 6 |b 2610710488  |c 2-1390.516  |l MZK  |r Sklad / do 1 hodiny  |n 1  |p p.v.  |w 001615845  |u 000010  |a 1  |e BOA001  |j MZK50  |s P